Técnicas de policía (Registro nro. 9668)

Detalles MARC
000 -Cabecera
Campo de control de longitud fija 01032nam a22003857a 4500
005 - Fecha y hora de la última transacción
Campo de control 20251009162838.0
008 - Elementos de longitud fija--Información general
Campo de control de longitud fija 170724b2016 xxu||||| |||| 00| 0 spa d
020 ## - International Standard Book Number
Número Internacional Estándar del Libro (ISBN) 978445433003
041 ## - Idioma
Código de idioma Español
082 ## - Clasificación Decimal Dewey
Número de clasificación 363.25 G216t
100 ## - Entrada principal--Autor personal
Nombre personal García Collantes, Ángel
9 (RLIN) 43514
245 ## - Título propiamente dicho
Título Técnicas de policía
260 ## - Pie de imprenta
Lugar de publicación, distribución, etc. España
260 ## - Pie de imprenta
Nombre del editor, distribuidor, etc. Centro de Estudios Financieros
260 ## - Pie de imprenta
Fecha de publicación, distribución, etc. 2016
490 ## - Serie
Título de la Serie Investigación Criminal
650 ## - Materia general
Temática (materia general) INVESTIGACIÓN CRIMINAL
650 ## - Materia general
Temática (materia general) CRIMINALISTICA
650 ## - Materia general
Temática (materia general) PRUEBA PENAL
650 ## - Materia general
Temática (materia general) ESCENA DEL CRIMEN
650 ## - Materia general
Temática (materia general) FOTOGRAFÍA POLICIAL
650 ## - Materia general
Temática (materia general) DACTILOSCOPIA
650 ## - Materia general
Temática (materia general) REVELADO DE HUELLAS
650 ## - Materia general
Temática (materia general) INDICIOS
650 ## - Materia general
Temática (materia general) TRATAMIENTO DE LA ESCENA
650 ## - Materia general
Temática (materia general) ATESTADO
650 ## - Materia general
Temática (materia general) INFORME PERICIAL
650 ## - Materia general
Temática (materia general) ACTAS DE INSPECCIÓN OCULAR
650 ## - Materia general
Temática (materia general) DOCUMENTOSCOPÍAA
650 ## - Materia general
Temática (materia general) PERICIA CALIGRÁFICA
650 ## - Materia general
Temática (materia general) BALÍSTICA FORENSE
650 ## - Materia general
Temática (materia general) BIOLOGÍA FORENSE
650 ## - Materia general
Temática (materia general) ADN
942 ## - Punto de acceso adicional KOHA
Tipo de ítem KOHA Libro
Fuente del sistema de clasificación o colocación Dewey Decimal Classification
Existencias
Signatura completa Código de barras Programa Académico Tipo de ítem
363.25 G216t 22391 Investigación Criminal Libro
363.25 G216t 22392 Investigación Criminal Libro